000 00630nam a22001937a 4500
005 20251108165022.0
008 250721s1978 xx 000 0 ara d
082 1 4 _a927.8/صفي
100 1 _aالبكري، عادل
245 1 0 _aصفي الدين الأرموي مجدد الموسيقى العباسية /
264 1 _aبغداد :
_bوزارة الثقافة و الفنون،
_c1978.
300 _a127ص : فهارس
490 0 _aسلسلة الأعلام المشهورين ؛ 4
650 1 7 _aالتراجم
650 1 7 _aالموسيقيون
650 1 7 _aالموسيقى
942 _2ddc
_cBK
999 _c20056
_d20056